[Event "chess.com SpeedChess Q2Sw"]
[Site "chess.com INT"]
[Date "2022.11.12"]
[Round "8"]
[White "Rakhmanov, Aleksandr"]
[Black "Filgueira, Hernan"]
[Result "0-1"]
[WhiteTitle "GM"]
[BlackTitle "IM"]
[WhiteElo "2630"]
[BlackElo "2283"]
[WhiteFideId "4173708"]
[BlackFideId "101770"]
[EventDate "2022.11.12"]

1. d4 d5 2. c4 e6 3. Nc3 c6 4. e4 Bb4 5. cxd5 exd5 6. e5 c5 7. a3 Bxc3+ 8. bxc3
Ne7 9. Bd3 Nbc6 10. Ne2 Bf5 11. O-O cxd4 12. cxd4 O-O 13. Bg5 Qa5 14. Bxf5 Nxf5
15. Qd3 Qa6 16. Qxf5 Qxe2 17. Rad1 Qh5 18. g4 Qg6 19. Qxg6 hxg6 20. Rfe1 Rfe8
21. h4 Rac8 22. h5 gxh5 23. gxh5 Na5 24. Re3 Re6 25. Rg3 Kh7 26. Kg2 Rc2 27.
Rdd3 Nc6 28. h6 Rg6 29. hxg7 Kxg7 30. Rd1 Kf8 31. Rh1 Ke8 32. Rh8+ Kd7 33. Rh4
Rc4 34. Rf4 Ke6 35. Bh4 Rxd4 36. Rxg6+ fxg6 37. Rf6+ Kxe5 38. f4+ Ke4 39. Kg3
Rd3+ 40. Kg4 Rd1 41. Re6+ Kd3 42. Rxg6 Rg1+ 43. Bg3 Nd4 44. Rg5 Ne2 45. Kf3 Nxg3
46. Rxg3 Rxg3+ 47. Kxg3 Kc2 48. f5 d4 49. f6 d3 50. f7 d2 51. f8=Q d1=Q 52. Qc5+
Kb1 53. Qb4+ Ka2 54. Qxb7 Qb3+ 55. Qxb3+ Kxb3 56. Kf4 Kxa3 57. Ke3 Kb2 58. Kd4
a5 59. Kc4 a4 60. Kb4 a3 61. Ka4 a2 62. Kb4 a1=Q 63. Kc4 Qa3 0-1

[Event "chess.com SpeedChess Q2Sw"]
[Site "chess.com INT"]
[Date "2022.11.12"]
[Round "8"]
[White "Sreyas, Payyappat"]
[Black "Jobava, Baadur"]
[Result "0-1"]
[WhiteTitle "FM"]
[BlackTitle "GM"]
[WhiteElo "2145"]
[BlackElo "2578"]
[WhiteFideId "46674969"]
[BlackFideId "13601520"]
[EventDate "2022.11.12"]

1. e4 e6 2. d4 d5 3. Nc3 dxe4 4. Nxe4 Bd7 5. Nf3 Bc6 6. Bd3 Nd7 7. Ne5 Nxe5 8.
dxe5 Qd5 9. Bf4 O-O-O 10. Qe2 Bb4+ 11. Nd2 Qd4 12. Qe3 Bxg2 13. Rg1 Bc6 14.
O-O-O Qxe3 15. Bxe3 g6 16. Ne4 Ne7 17. c3 Bxe4 18. Bxe4 Ba5 19. Bxa7 Bb6 20.
Bxb6 cxb6 21. Kc2 Kc7 22. Rd4 Rxd4 23. cxd4 Ra8 24. a3 Nc6 25. Rd1 Rd8 26. Bxc6
Kxc6 27. Kd3 Rd5 28. Rc1+ Kd7 29. Ke4 f5+ 30. exf6 Rf5 31. f4 Rxf6 32. Rc4 Rf5
33. Rb4 Kc7 34. Rc4+ Kd7 35. Ra4 Rh5 36. Ra8 Rxh2 37. b4 Re2+ 38. Kf3 Ra2 39.
Ke4 b5 40. Rh8 Re2+ 41. Kf3 Rh2 42. Kg3 Rh1 43. Kg2 Rh5 44. Kf3 Rh3+ 45. Ke4 h5
46. Ke5 Re3+ 47. Kf6 Re4 48. Kxg6 Rxd4 49. Rxh5 Kc6 50. Rc5+ Kb6 51. Kg5 Re4 52.
Re5 Rxe5+ 53. fxe5 Kc6 54. Kg6 Kd5 55. Kf6 b6 56. Ke7 Kxe5 57. Kd7 Kd5 58. Kc7
e5 59. Kxb6 e4 60. Kxb5 e3 61. Ka6 e2 62. b5 e1=Q 63. b6 Kc6 64. b7 Qe2+ 65. Ka7
Qe3+ 66. Kb8 Qb6 67. Kc8 Qxb7+ 68. Kd8 Qd7# 0-1

[Event "chess.com SpeedChess Q2Sw"]
[Site "chess.com INT"]
[Date "2022.11.12"]
[Round "8"]
[White "Akobian, Varuzhan"]
[Black "Meier, Georg"]
[Result "1/2-1/2"]
[WhiteTitle "GM"]
[BlackTitle "GM"]
[WhiteElo "2591"]
[BlackElo "2615"]
[WhiteFideId "13300580"]
[BlackFideId "4675789"]
[EventDate "2022.11.12"]

1. d4 e6 2. c4 b6 3. Nf3 Bb7 4. a3 Nf6 5. Nc3 d5 6. Bg5 Be7 7. e3 O-O 8. Rc1 h6
9. Bh4 dxc4 10. Bxc4 Nbd7 11. O-O c5 12. Qe2 Ne4 13. Bxe7 Qxe7 14. Ba6 Nxc3 15.
Rxc3 Bxf3 16. Qxf3 cxd4 17. exd4 Nf6 18. Rfc1 Nd5 19. Rc6 Rad8 20. g3 Rd7 21.
Bc8 Rd6 22. Rxd6 Qxd6 23. Bb7 Ne7 24. Rc4 Rd8 25. Be4 Rc8 26. Rxc8+ Nxc8 27. Qc3
Ne7 28. Qc4 g5 29. b4 Kg7 30. a4 a5 31. bxa5 bxa5 32. Qc5 Qxc5 33. dxc5 Kf8 34.
f4 gxf4 35. gxf4 Ke8 36. Kf2 Kd7 37. Ke3 f6 38. Kd4 f5 39. Bf3 Ng6 40. Kc4 Nxf4
41. Kb5 Kc7 42. Kxa5 e5 43. Kb4 e4 44. Bh1 e3 45. Kc3 Ne6 46. Kd3 f4 47. c6 Nc5+
48. Ke2 Nb3 49. Bd5 Nd4+ 50. Kd3 e2 51. Kd2 Kb6 52. a5+ Kc7 53. a6 f3 54. Bxf3
Nxf3+ 55. Kxe2 Nd4+ 56. Ke3 Nxc6 57. Kf4 Ne7 58. Kg4 Ng8 59. Kh5 Kb6 60. Kg6
Kxa6 61. h4 Ne7+ 62. Kxh6 Nf5+ 63. Kg5 Nxh4 1/2-1/2

[Event "chess.com SpeedChess Q2Sw"]
[Site "chess.com INT"]
[Date "2022.11.12"]
[Round "8"]
[White "Tan, Zhongyi"]
[Black "Lazavik, Denis"]
[Result "0-1"]
[WhiteTitle "GM"]
[BlackTitle "IM"]
[WhiteElo "2514"]
[BlackElo "2529"]
[WhiteFideId "8603642"]
[BlackFideId "13515110"]
[EventDate "2022.11.12"]

1. d4 f5 2. c4 Nf6 3. Nf3 g6 4. g3 Bg7 5. Bg2 O-O 6. O-O d6 7. Nc3 c6 8. b3 Qc7
9. Ba3 a5 10. Rc1 Na6 11. Re1 Nb4 12. Bb2 e5 13. a3 Na6 14. e4 fxe4 15. Nxe4
Nxe4 16. Rxe4 Bf5 17. Re1 Bg4 18. h3 Bxf3 19. Bxf3 Qf7 20. Re3 Bh6 21. Rcc3 Bxe3
22. Rxe3 Rae8 23. dxe5 dxe5 24. Qe2 Nc7 25. Kg2 Ne6 26. Bxe5 Ng5 27. Bf4 Nxf3
28. Qxf3 Rxe3 29. Qxe3 Re8 30. Qc5 Qf5 31. Qb6 Qe4+ 32. Kh2 Qc2 33. Be3 Qe2 34.
a4 Qc2 35. h4 Qe2 36. Kg2 Qc2 37. Kh2 h5 38. Kg2 Qe4+ 39. Kh2 Re7 40. Qd8+ Kf7
41. Bg5 Re6 42. Qd7+ Kg8 43. Qd8+ Re8 44. Qd6 Qf5 45. Be3 Qe6 46. Qc7 Re7 47.
Qd8+ Kf7 48. Bh6 Re8 49. Qc7+ Qe7 50. Qf4+ Kg8 51. Bg5 Qf7 52. Qd4 Re6 53. Be3
Kh7 54. Kg2 Re7 55. Qc5 Qe6 56. Qxa5 Qe4+ 57. Kh2 Rd7 58. Qc3 Rd1 59. g4 Rh1+
60. Kg3 Rg1+ 61. Kh3 Qh1# 0-1

[Event "chess.com SpeedChess Q2Sw"]
[Site "chess.com INT"]
[Date "2022.11.12"]
[Round "8"]
[White "Omariev, Maksim"]
[Black "Csonka, Balazs"]
[Result "0-1"]
[WhiteTitle "FM"]
[BlackTitle "IM"]
[WhiteElo "2304"]
[BlackElo "2497"]
[WhiteFideId "4193423"]
[BlackFideId "742910"]
[EventDate "2022.11.12"]

1. e4 e5 2. Nf3 Nc6 3. Bb5 a6 4. Ba4 Nf6 5. O-O Be7 6. Re1 b5 7. Bb3 d6 8. c3
O-O 9. h3 Na5 10. Bc2 c5 11. d4 Nd7 12. Nbd2 exd4 13. cxd4 Nc6 14. Nf1 cxd4 15.
Nxd4 Nxd4 16. Qxd4 Ne5 17. f4 Nc6 18. Qf2 Be6 19. f5 Bd7 20. Bf4 Rc8 21. Rad1
Ne5 22. Ne3 Bh4 23. g3 Be7 24. Bb3 Qb6 25. Nd5 Qxf2+ 26. Kxf2 Bd8 27. Ne3 Bc6
28. Rxd6 Bf6 29. Bxe5 Bxe5 30. Rd2 a5 31. Bd5 Be8 32. Ng4 Bb8 33. e5 Ba7+ 34.
Kg2 Bc6 35. Bxc6 Rxc6 36. e6 fxe6 37. fxe6 Re8 38. Rde2 Bd4 39. b3 b4 40. Nf2
Bc3 41. Rd1 Rcxe6 42. Rxe6 Rxe6 43. Rd5 Re2 44. Kf3 Rxa2 45. Rxa5 Rxa5 46. Ne4
Ra8 47. Nc5 Rc8 48. Na4 Rf8+ 49. Ke4 Re8+ 50. Kd5 Rd8+ 51. Kc4 Rc8+ 52. Nc5 h6
53. Kb5 Rxc5+ 54. Kxc5 Kf7 55. Kd5 Kf6 56. Ke4 Ke6 57. g4 g6 58. Kf3 Kd5 59. Kf4
Kd4 60. g5 Bd2+ 61. Kg4 hxg5 62. h4 gxh4 63. Kh3 Kc3 64. Kh2 Kxb3 65. Kg2 g5 66.
Kf3 Kc4 67. Kg4 Kd3 68. Kh3 Ke4 69. Kg2 b3 0-1

[Event "chess.com SpeedChess Q2Sw"]
[Site "chess.com INT"]
[Date "2022.11.12"]
[Round "8"]
[White "Kamsky, Gata"]
[Black "Kovalev, Vladislav"]
[Result "1/2-1/2"]
[WhiteTitle "GM"]
[BlackTitle "GM"]
[WhiteElo "2666"]
[BlackElo "2623"]
[WhiteFideId "2000024"]
[BlackFideId "13504398"]
[EventDate "2022.11.12"]

1. e4 e5 2. Nf3 Nc6 3. Bb5 a6 4. Ba4 Nf6 5. O-O Be7 6. Re1 b5 7. Bb3 d6 8. c3
O-O 9. d4 Bg4 10. d5 Na5 11. Bc2 c6 12. h3 Bc8 13. dxc6 Qc7 14. Nbd2 Qxc6 15.
Nf1 h6 16. Ng3 Re8 17. Nh4 Bf8 18. Nhf5 Kh7 19. Qf3 Ng8 20. h4 Be6 21. h5 b4 22.
Re3 b3 23. axb3 Nxb3 24. Rb1 Rab8 25. Qd1 a5 26. Rd3 Nxc1 27. Qxc1 Qb6 28. b3
Nf6 29. Rf3 Ng8 30. c4 Qc5 31. Ne3 Be7 32. Ra1 Bg5 33. Qe1 Bxe3 34. Rxe3 Ra8 35.
Rd3 Nf6 36. Rd2 Reb8 37. Bd1 Rb6 38. Rd3 a4 39. bxa4 Qxc4 40. Rda3 Qc5 41. a5
Rba6 42. Be2 R6a7 43. a6 d5 44. Ra5 Qc6 45. exd5 Bxd5 46. Bd3+ Kg8 47. f3 Bc4
48. Bxc4 Qxc4 49. Qxe5 Rxa6 50. Rxa6 Rxa6 51. Rxa6 Qxa6 52. Kh2 Qe6 53. Qxe6
fxe6 54. Kg1 Nd5 55. Ne2 Kf7 56. Kf2 Kf6 57. g4 Ke5 58. Kg3 Ne3 59. Nc3 Nd5 60.
Ne4 Nf6 61. Nc5 Kd6 62. Nd3 e5 63. Nf2 Kd5 64. Nh3 e4 65. Nf4+ Ke5 66. fxe4
Nxe4+ 67. Kf3 Nd2+ 68. Ke3 Nc4+ 69. Kf3 Nd2+ 70. Ke3 Nf1+ 71. Kf3 Nh2+ 72. Kg3
Nf1+ 73. Kf3 Nd2+ 1/2-1/2

[Event "chess.com SpeedChess Q2Sw"]
[Site "chess.com INT"]
[Date "2022.11.12"]
[Round "8"]
[White "Matamoros Franco, Carlos S."]
[Black "Korchmar, Vasiliy"]
[Result "0-1"]
[WhiteTitle "GM"]
[BlackTitle "IM"]
[WhiteElo "2451"]
[BlackElo "2438"]
[WhiteFideId "3600017"]
[BlackFideId "24131750"]
[EventDate "2022.11.12"]

1. c4 c6 2. Nf3 d5 3. g3 g6 4. Qa4 dxc4 5. Qxc4 Bg7 6. Bg2 Nh6 7. d3 Nf5 8. Nbd2
O-O 9. Rb1 a5 10. b3 Be6 11. Qc2 Na6 12. a3 Nc7 13. Bb2 Bxb2 14. Qxb2 Nb5 15. h4
h5 16. Ng5 Nbd4 17. e3 Nb5 18. Nxe6 fxe6 19. d4 e5 20. dxe5 Qd3 21. Be4 Qd7 22.
Nf3 a4 23. b4 Nc7 24. Rd1 Qe8 25. Ng5 Rd8 26. O-O Nd5 27. Bxd5+ Rxd5 28. Rxd5
cxd5 29. Qc2 Qd7 30. Rd1 Rc8 31. Qd3 e6 32. e4 Ne7 33. exd5 Qxd5 34. Qe2 Qc4 35.
Qxc4 Rxc4 36. Rd8+ Kg7 37. Rd7 Kf8 38. Nxe6+ Ke8 39. Rd8+ Kf7 40. Ng5+ Kg7 41.
Rd7 Kf8 42. Rxb7 Rc3 43. e6 Rxa3 44. Rb8+ Kg7 45. Re8 Kf6 46. Rf8+ Ke5 47. Rf7
Kd6 48. Rf8 Rb3 49. Rd8+ Ke5 50. Ra8 Rxb4 51. Ra5+ Kf6 52. Ra7 Nc6 53. Rf7+ Ke5
54. e7 Rb8 55. Rf8 Rb1+ 56. Kg2 Nxe7 57. Ra8 Ra1 58. Ra5+ Kd4 59. Ra7 Nc6 60.
Ra6 Nb4 61. Rxg6 a3 62. Nf3+ Kc4 63. Nd2+ Kc3 64. Ne4+ Kd4 65. Nd2 Kc3 66. Ne4+
Kd3 67. Nc5+ Kc4 68. Na4 a2 69. Ra6 Nxa6 70. Nb6+ Kb5 0-1

[Event "chess.com SpeedChess Q2Sw"]
[Site "chess.com INT"]
[Date "2022.11.12"]
[Round "8"]
[White "Jumabayev, Rinat"]
[Black "Tasdogen, Dincer"]
[Result "1/2-1/2"]
[WhiteTitle "GM"]
[BlackTitle "FM"]
[WhiteElo "2620"]
[BlackElo "2303"]
[WhiteFideId "13702661"]
[BlackFideId "6367097"]
[EventDate "2022.11.12"]

1. d4 g6 2. c4 Bg7 3. g3 d6 4. Bg2 Nd7 5. Nf3 e5 6. Nc3 exd4 7. Nxd4 Ne7 8. O-O
O-O 9. Bf4 Nb6 10. Qd3 Re8 11. Rad1 h6 12. b3 Nd7 13. Qc2 Nc5 14. Qc1 g5 15. Be3
Ng6 16. b4 Na6 17. a3 Ne5 18. Na4 Ng4 19. b5 Nb8 20. c5 d5 21. c6 b6 22. Nc3 Be6
23. a4 a6 24. Nxe6 fxe6 25. Bxb6 Bxc3 26. Qxc3 cxb6 27. c7 Qc8 28. cxb8=Q Qxc3
29. Qxb6 axb5 30. axb5 Ne5 31. Rc1 Qd2 32. Rc7 Nc4 33. Qb7 Qd4 34. Rh7 Qf6 35.
Rd7 Rab8 36. Qa7 Rxb5 37. f4 Ra5 38. Qf2 Ra1 39. fxg5 Qxf2+ 40. Kxf2 Rf8+ 41.
Bf3 Rxf1+ 42. Kxf1 hxg5 43. Kg2 Ne3+ 44. Kh3 Rf7 45. Rd8+ Kg7 46. Bh5 Rf2 47.
Rd6 Kf6 48. Rd7 Ke5 49. Rg7 Rf5 50. g4 Rf2 51. Rxg5+ Kf4 52. Rg6 Ke5 53. g5 Rf4
54. Bf3 Nf5 55. Rg8 Rh4+ 56. Kg2 Rf4 57. Kf2 Nh4 58. Kg3 d4 59. Rd8 Nf5+ 60. Kf2
Rh4 61. Kg2 Ne3+ 62. Kg3 Nf5+ 63. Kg2 Kf4 64. Rg8 Ne3+ 65. Kg1 d3 66. Rd8 dxe2
67. Bxe2 Kxg5 68. Re8 Re4 69. Rf8 Nf5 70. Bd3 Re3 71. Bxf5 exf5 72. Rf7 Rh3 73.
Kg2 Rh6 74. Rg7+ Kf4 1/2-1/2

[Event "chess.com SpeedChess Q2Sw"]
[Site "chess.com INT"]
[Date "2022.11.12"]
[Round "8"]
[White "Aditya, Mittal"]
[Black "Feng, Eric"]
[Result "1-0"]
[WhiteTitle "IM"]
[WhiteElo "2486"]
[BlackElo "1885"]
[WhiteFideId "35042025"]
[BlackFideId "30952590"]
[EventDate "2022.11.12"]

1. d4 Nf6 2. c4 e6 3. Nc3 d5 4. cxd5 exd5 5. Bg5 Be7 6. e3 h6 7. Bh4 c6 8. Bd3
Ne4 9. Bxe7 Qxe7 10. Nge2 O-O 11. O-O Nd7 12. Qc2 Ndf6 13. Rae1 Bd7 14. f3 Nxc3
15. Nxc3 b5 16. e4 dxe4 17. fxe4 Qd6 18. Ne2 Ng4 19. e5 Qd5 20. Be4 Qxa2 21. Nc1
Qa5 22. h3 Qb6 23. hxg4 Qxd4+ 24. Qf2 Qc4 25. Bf5 Be6 26. Re4 Qd5 27. Qd4 Rad8
28. Qxd5 Bxd5 29. Ref4 Rfe8 30. Be4 Rxe5 31. Bxd5 Rdxd5 32. Rxf7 Rd2 33. R7f2
Rxf2 34. Kxf2 Re4 35. Nd3 Rxg4 36. Rc1 Rd4 37. Ne5 Rb4 38. Rc2 c5 39. Nd3 Rd4
40. Nxc5 a5 41. Nb3 Ra4 42. Kg3 Ra2 43. Nd4 b4 44. Rc8+ Kh7 45. b3 a4 46. bxa4
Rxa4 47. Rb8 Ra3+ 48. Kh2 Rd3 49. Rxb4 Rd2 50. Nf3 Rd3 51. Kg3 Rd7 52. Rb6 Re7
53. Nh4 Rf7 54. Kg4 Rd7 55. Nf5 Rf7 56. Re6 Rb7 57. Re7 Rb4+ 58. Kh5 Rb5 59. g4
Kh8 60. Kg6 Rb6+ 61. Kf7 Rf6+ 62. Ke8 Rg6 63. Kf8 Rxg4 64. Nxg7 Rf4+ 65. Ke8 Rf6
66. Nh5 Rg6 67. Kf8 Rg8+ 68. Kf7 Ra8 69. Nf6 Ra6 70. Kg6 Ra8 71. Rh7# 1-0

[Event "chess.com SpeedChess Q2Sw"]
[Site "chess.com INT"]
[Date "2022.11.12"]
[Round "8"]
[White "Boros, Denes"]
[Black "Gokerkan, Cem Kaan"]
[Result "1/2-1/2"]
[WhiteTitle "GM"]
[BlackTitle "IM"]
[WhiteElo "2402"]
[BlackElo "2470"]
[WhiteFideId "722340"]
[BlackFideId "6336760"]
[EventDate "2022.11.12"]

1. d4 Nf6 2. Nf3 g6 3. b3 Bg7 4. Bb2 O-O 5. e3 c5 6. dxc5 Qa5+ 7. c3 Qxc5 8. Ba3
Qh5 9. Bxe7 Re8 10. Bxf6 Bxf6 11. Be2 Nc6 12. O-O d5 13. Nd4 Qg5 14. Kh1 Bd7 15.
Nd2 Rac8 16. Rc1 a6 17. N2f3 Qh6 18. c4 dxc4 19. Bxc4 Nxd4 20. Nxd4 b5 21. Bd3
Be5 22. f4 Bxd4 23. exd4 Rcd8 24. f5 Re3 25. Qd2 Rde8 26. d5 Qh4 27. Rcd1 Qd4
28. fxg6 hxg6 29. Qf2 Qg7 30. Qf4 f5 31. Qg5 Kh7 32. h3 Qc3 33. Qh4+ Kg7 34. Rf3
Re1+ 35. Rxe1 Qxe1+ 36. Qxe1 Rxe1+ 37. Kh2 Re5 38. Bf1 Rxd5 39. Rf2 Kf6 40. Kg1
Ke5 41. g3 Rd1 42. Kg2 Bc6+ 43. Kg1 Kd4 44. Re2 Be4 45. Rf2 Bd3 46. Kg2 Be4+ 47.
Kg1 Ke3 48. g4 f4 49. Re2+ Kf3 50. Rf2+ Kg3 51. Re2 Bd3 52. Rg2+ Kxh3 53. Rh2+
Kg3 54. Rh3+ Kxg4 55. Rxd3 Rxd3 56. Bxd3 Kf3 57. Kf1 g5 58. Be2+ Ke3 59. Bg4 b4
60. Ke1 a5 61. Kf1 Kd3 62. Kf2 Kc2 63. Bd7 Kb2 64. Kf3 Kxa2 65. Ba4 Kb2 66. Kf2
Kc3 67. Kf3 Kd4 68. Bb5 Kc3 69. Ba4 Kd3 70. Bb5+ Kd4 71. Bc6 Ke5 72. Bb5 Kf5 73.
Bd7+ Kf6 74. Kg4 Kg6 75. Bc6 Kf6 76. Bb5 Ke5 77. Kf3 Kd4 78. Bc6 Kd3 79. Bb5+
Kd2 80. Bc6 Ke1 81. Kg4 Ke2 82. Bf3+ Ke3 83. Bc6 Ke2 84. Bf3+ Ke3 85. Bc6 Ke2 1/2-1/2

[Event "chess.com SpeedChess Q2Sw"]
[Site "chess.com INT"]
[Date "2022.11.12"]
[Round "8"]
[White "Srihari, L R"]
[Black "Czerw, Dawid"]
[Result "1/2-1/2"]
[WhiteTitle "IM"]
[BlackTitle "FM"]
[WhiteElo "2436"]
[BlackElo "2373"]
[WhiteFideId "46617116"]
[BlackFideId "1145746"]
[EventDate "2022.11.12"]

1. c4 Nf6 2. Nc3 c5 3. Nf3 e6 4. g3 Qb6 5. Bg2 Nc6 6. O-O Be7 7. a3 d5 8. cxd5
exd5 9. d4 c4 10. Bg5 Be6 11. Na4 Qd8 12. Nc5 Bxc5 13. dxc5 h6 14. Be3 O-O 15.
Nd4 Nd7 16. Nb5 Nf6 17. Bd4 Nxd4 18. Qxd4 a6 19. Nc3 Rc8 20. Rfd1 Qc7 21. Nxd5
Nxd5 22. Bxd5 Bxd5 23. Qxd5 Qxc5 24. Qxb7 Rb8 25. Qxa6 Rxb2 26. e3 Qf5 27. Rf1
c3 28. a4 Rc8 29. e4 Qc5 30. a5 c2 31. Rfc1 Rd8 32. Qf1 Rd2 33. a6 Rb8 34. Qe1
Qd4 35. a7 Ra8 36. Qe3 Qxe3 37. fxe3 Rd7 38. Rxc2 Raxa7 39. Rxa7 Rxa7 40. Kf2
Kh7 41. Kf3 g6 42. e5 Kg7 43. Rc6 Re7 44. Kf4 h5 45. h4 Re8 46. Rc7 Re6 47. Ke4
Ra6 48. Kf3 Re6 49. Kf4 Ra6 50. Rd7 Re6 51. Rd6 Re7 52. Ra6 Re8 53. Ke4 Re7 54.
Kd5 Rd7+ 55. Rd6 Ra7 56. e6 Ra5+ 57. Ke4 Ra4+ 58. Kf3 fxe6 59. Rxe6 Kf7 60. Re4
Ra1 61. g4 Rf1+ 62. Kg2 Ra1 63. gxh5 gxh5 64. Re5 Kg6 65. Rg5+ Kh6 66. Rb5 Ra4
67. Rb6+ Kg7 68. Kg3 Rg4+ 69. Kf3 Rxh4 70. e4 Rh1 71. e5 Kf7 72. Kf4 Rf1+ 73.
Kg5 Re1 74. Kf5 Rf1+ 75. Kg5 Re1 76. Kf5 Rf1+ 77. Kg5 1/2-1/2

[Event "chess.com SpeedChess Q2Sw"]
[Site "chess.com INT"]
[Date "2022.11.12"]
[Round "8"]
[White "Crevatin, Leo"]
[Black "Fernandez Guillen, Ernesto J."]
[Result "1/2-1/2"]
[WhiteTitle "FM"]
[BlackTitle "IM"]
[WhiteElo "2301"]
[BlackElo "2462"]
[WhiteFideId "1726307"]
[BlackFideId "3512428"]
[EventDate "2022.11.12"]

1. d4 Nf6 2. Bf4 d5 3. e3 c5 4. Nf3 Nc6 5. Nbd2 Qb6 6. dxc5 Qxb2 7. Rb1 Qc3 8.
Bb5 Qxc5 9. c4 Bd7 10. O-O dxc4 11. Nxc4 a6 12. Bxc6 Bxc6 13. Nce5 Nd5 14. Rc1
Qb6 15. Nxc6 bxc6 16. Ne5 e6 17. Rxc6 Qb7 18. Qa4 Qb5 19. Qc2 Be7 20. Rb1 O-O
21. Rxb5 axb5 22. Qb1 b4 23. Nd7 Rfc8 24. Rxc8+ Rxc8 25. g4 f6 26. Qe4 Kf7 27.
Qxh7 Rd8 28. Qh5+ Kg8 29. Nb8 e5 30. Nc6 Rd7 31. Nxe7+ Nxe7 32. Bg3 Rd2 33. g5
Kf8 34. g6 Rxa2 35. Qh8+ Ng8 36. Qh3 Ne7 37. Qh8+ Ng8 38. h4 b3 39. h5 b2 40. h6
b1=Q+ 41. Kh2 Qxg6 42. h7 Rxf2+ 43. Bxf2 Qh5+ 44. Kg2 Qg4+ 45. Bg3 Qe2+ 46. Bf2
Qg4+ 47. Kh2 Qh5+ 48. Kg3 Qg5+ 49. Kh3 Qh5+ 50. Bh4 Qf3+ 51. Bg3 Qh1+ 52. Bh2
Qf3+ 53. Bg3 Qh1+ 54. Bh2 Qf1+ 55. Kg3 Qe1+ 56. Kf3 Qf1+ 57. Ke4 Qg2+ 58. Kd3
Qd5+ 59. Kc3 Qc5+ 60. Kd3 Qd5+ 61. Ke2 Qg2+ 62. Ke1 Qh1+ 63. Ke2 Qxh2+ 64. Kd3
e4+ 65. Kxe4 Qe5+ 66. Kd3 Qd5+ 67. Kc3 f5 68. Kc2 Qc4+ 69. Kd2 Qd5+ 70. Ke2 Qe6
71. Kf2 g6 72. Kf3 Qe4+ 73. Kf2 Qe6 74. Ke2 Qc4+ 75. Kf3 Qf7 76. Kf2 Qg7 77.
hxg8=Q+ Qxg8 78. Qf6+ Qf7 79. Qh8+ Ke7 80. Qe5+ Qe6 81. Qg7+ Kd6 82. Qd4+ Ke7
83. Qg7+ Ke8 84. Qh8+ Kd7 85. Qg7+ Kc6 86. Qc3+ Kd6 87. Qd4+ Kc7 88. Qg7+ Kb6
89. Qd4+ Kb5 90. Qb2+ Kc5 91. Qd4+ Kc6 92. Qc3+ Kd6 93. Qd4+ 1/2-1/2

[Event "chess.com SpeedChess Q2Sw"]
[Site "chess.com INT"]
[Date "2022.11.12"]
[Round "8"]
[White "Krishnakumar, Sriram"]
[Black "Tokhirjonova, Gulrukhbegim"]
[Result "1/2-1/2"]
[WhiteTitle "FM"]
[BlackTitle "WGM"]
[WhiteElo "2248"]
[BlackElo "2328"]
[WhiteFideId "30915856"]
[BlackFideId "14203626"]
[EventDate "2022.11.12"]

1. e4 e5 2. Nf3 Nc6 3. d4 exd4 4. Nxd4 Nf6 5. Nxc6 bxc6 6. e5 Qe7 7. Qe2 Nd5 8.
h4 a5 9. Nd2 Ba6 10. c4 g6 11. Nf3 Bg7 12. Qe4 Nb6 13. Bd2 d5 14. cxd5 cxd5 15.
Qf4 Bxf1 16. Kxf1 h6 17. Bc3 O-O 18. h5 g5 19. Qf5 c5 20. Re1 d4 21. Bd2 Nc4 22.
Bc1 a4 23. b3 axb3 24. axb3 Na5 25. Nxg5 hxg5 26. h6 Qe6 27. Qxg5 Qg6 28. hxg7
Kxg7 29. Qe7 Rfe8 30. Qxc5 Nxb3 31. Qc4 Nxc1 32. Qxc1 d3 33. Rh3 Ra4 34. Rg3 Rg4
35. Rxg4 Qxg4 36. Re3 Rc8 37. Qd2 Rc2 38. Qxd3 Rc1+ 39. Re1 Rxe1+ 40. Kxe1 Qb4+
41. Ke2 Qb2+ 42. Kf3 Qxe5 43. g3 f5 44. Kg2 Kf6 45. Qf3 Qd4 46. Qe3 Qc4 47. f3
Kg6 48. Qe8+ Kf6 49. Qf8+ Kg6 50. Qe8+ Kf6 51. Qe1 Qc2+ 52. Qf2 Qc4 53. f4 Qe4+
54. Qf3 Qc2+ 55. Kh3 Qb1 56. Qc6+ Kf7 57. Qd7+ Kf6 58. Qd6+ Kf7 59. Qd5+ Kf6 60.
Qe5+ Kf7 61. Kg2 Qc2+ 62. Kf3 Qd3+ 63. Qe3 Qf1+ 64. Qf2 Qh1+ 65. Ke2 Qb1 66.
Qa7+ Kf6 67. Qd4+ Kf7 68. Qd7+ Kf6 69. Qd6+ Kf7 70. Qd5+ Kf6 71. Qd4+ Kg6 72.
Qd6+ Kf7 73. Qd3 Qb7 74. Qxf5+ Kg7 75. Qe5+ Kg6 76. Qe6+ Kh7 77. Kf2 Qh1 78.
Qe7+ Kg8 79. Qe8+ Kg7 80. Qd7+ Kg8 81. Qe6+ Kg7 82. Qe5+ Kg8 83. Qe2 Qh2+ 84.
Kf3 Qh1+ 85. Qg2 Qd1+ 86. Kf2 Qd2+ 87. Kg1 Qe3+ 88. Kh2 Qe7 89. f5 Qh7+ 90. Qh3
Qb7 91. Qg4+ Kf7 92. Qg6+ Kf8 93. f6 Qb2+ 94. Kh3 Qb7 95. Qh6+ Kg8 96. Kh4 Qh1+
97. Kg5 Qc1+ 98. Kh5 Qh1+ 99. Kg6 Qb1+ 100. Kg5 Qc1+ 101. Kh5 Qh1+ 102. Kg6 Qb1+
103. Kh5 Qh1+ 1/2-1/2

[Event "chess.com SpeedChess Q2Sw"]
[Site "chess.com INT"]
[Date "2022.11.12"]
[Round "8"]
[White "Gurevich, Dmitry"]
[Black "Podobnik, Marijan"]
[Result "1-0"]
[WhiteTitle "GM"]
[BlackTitle "FM"]
[WhiteElo "2396"]
[BlackElo "2118"]
[WhiteFideId "2000407"]
[BlackFideId "14502151"]
[EventDate "2022.11.12"]

1. d4 Nf6 2. c4 g6 3. Nc3 d5 4. Nf3 Bg7 5. cxd5 Nxd5 6. Bd2 O-O 7. Rc1 Nb6 8.
Bg5 h6 9. Bf4 c6 10. e3 Bf5 11. Be2 N8d7 12. O-O Nf6 13. h3 Ne4 14. Be5 Nxc3 15.
Rxc3 Be6 16. Bxg7 Kxg7 17. b3 Nd5 18. Rc1 Nf6 19. Qc2 Bf5 20. Qb2 Kg8 21. Rfd1
Qa5 22. Ne5 Be4 23. Nc4 Qc7 24. b4 Bd5 25. a4 Rac8 26. b5 cxb5 27. axb5 Bxc4 28.
Bxc4 Qd7 29. Qb3 e6 30. Rc2 Rc7 31. Rdc1 Rfc8 32. Bd3 Kg7 33. Rxc7 Rxc7 34. Rxc7
Qxc7 35. g3 Nd5 36. e4 Qc3 37. Qxc3 Nxc3 38. Kf1 Na4 39. Ke1 Kf6 40. f4 Ke7 41.
Kd2 f5 42. Kc2 Nb6 43. Kc3 Kd6 44. e5+ Kd7 45. Kb4 Nd5+ 46. Kc5 b6+ 47. Kc4 Ne3+
48. Kc3 Nd5+ 49. Kd2 Nc7 50. Bc4 Ke7 51. Ke3 Kf7 52. Kf3 Kg7 53. g4 Kf7 54. Kg3
Kg7 55. Kh4 Kf7 56. gxf5 gxf5 57. Kg3 Kg6 58. Kf2 Kf7 59. Kg2 Kg7 60. Kf3 Kf7
61. Ke3 Ke7 62. Kf3 Kf7 63. Kg3 Kg7 64. Kf2 Kf8 65. d5 exd5 66. Bd3 Ke7 67. Bxf5
Nxb5 68. Ke3 a5 69. Bd3 Nc7 70. f5 b5 71. Kd4 b4 72. Bc2 Nb5+ 73. Kxd5 Nc3+ 74.
Kd4 Ne2+ 75. Ke3 Nc3 76. Bb3 a4 77. f6+ Kf8 78. Bc4 b3 79. e6 b2 80. e7+ Ke8 81.
Bd3 b1=Q 82. Bxb1 Nxb1 83. Ke4 a3 84. Kd5 Kf7 85. Kd6 a2 86. Kd7 a1=Q 87. e8=Q+
Kxf6 88. Qh8+ Kg5 89. Qxa1 Nd2 90. Qe5+ Kh4 91. Qf4+ Kxh3 92. Qxh6+ 1-0

[Event "chess.com SpeedChess Q2Sw"]
[Site "chess.com INT"]
[Date "2022.11.12"]
[Round "8"]
[White "Rustemov, Alexander"]
[Black "Shimanov, Aleksandr"]
[Result "1-0"]
[WhiteTitle "GM"]
[BlackTitle "GM"]
[WhiteElo "2525"]
[BlackElo "2581"]
[WhiteFideId "4119002"]
[BlackFideId "4198603"]
[EventDate "2022.11.12"]

1. d4 e6 2. c4 c5 3. d5 d6 4. Nc3 g6 5. e4 Bg7 6. Bd3 Bxc3+ 7. bxc3 e5 8. f4 Nd7
9. Nf3 Qe7 10. O-O f6 11. f5 Qg7 12. Nh4 Ne7 13. g3 Kd8 14. a4 a5 15. Be3 Kc7
16. Qd2 gxf5 17. Nxf5 Nxf5 18. Rxf5 Nb6 19. Rf2 h5 20. Qe2 Bg4 21. Qf1 Raf8 22.
h3 Bd7 23. Kh2 Rhg8 24. Rf3 Qe7 25. Qd1 Rg6 26. Rf2 Rfg8 27. Rg2 Bc8 28. Rg1 Qd7
29. Qf1 Qg7 30. Qf3 Bd7 31. Ra3 Nc8 32. Bf2 Ne7 33. Ra2 Rf8 34. Be1 f5 35. exf5
Nxf5 36. Rf2 Rgf6 37. Qe2 Ne7 38. Rgf1 Rxf2+ 39. Rxf2 Rh8 40. Bc2 b6 41. Qf3 Be8
42. Qf6 Qxf6 43. Rxf6 Ng8 44. Rf8 Kd7 45. Bd2 Ke7 46. Rf2 Bf7 47. Bg5+ Ke8 48.
h4 Ne7 49. Rf6 Nc8 50. g4 hxg4 51. Kg3 Rg8 52. Kxg4 Ne7 53. Rxd6 Bg6 54. Bxg6+
Nxg6 55. Rxb6 Kf7 56. Rb7+ Kf8 57. Rb8+ Kf7 58. Rxg8 Kxg8 59. Kf5 Kf7 60. h5 Nf8
61. Kxe5 Nd7+ 62. Kd6 Nb6 63. Kxc5 Nxa4+ 64. Kb5 Nxc3+ 65. Kxa5 Ne4 66. Be3 Nd6
67. Kb4 Nf5 68. Bf2 Nd6 69. c5 Ne4 70. Be3 Nf6 71. Kc4 Nxh5 72. c6 Ke8 73. d6
Nf6 74. Bf4 Kf7 75. Kd4 Ke6 76. Kc5 Ne4+ 77. Kb6 Nc3 78. d7 Nd5+ 79. Kb7 Nxf4
80. d8=Q Nd5 81. Qxd5+ Kxd5 82. c7 Kd4 83. c8=Q Kd3 84. Qc6 Kd2 85. Kb6 Kd1 86.
Kb5 Kd2 87. Qf3 Kc1 88. Kc4 Kc2 89. Qe2+ Kc1 90. Kc3 Kb1 91. Kb3 Ka1 92. Qe1# 1-0